000 00441nam a2200157Ia 4500
008 150610s9999 xx 000 0 und d
020 _a9780061974588
050 _aPZ7
_b .L885r 2012  
100 _aLore, Pittacus
245 4 _aThe rise of nine /
_cPittacus Lore.
250 _a1st ed.
260 _aNew York :
_bHarper Collins,
_c2012.
300 _a360pages ;
_c21 cm.
440 _aLorien Legacies; bk. 3
_vv.3
520 _aFiction.
999 _c287852
_d287852